000 00297nam a22001337a 4500
008 190305b xxu||||| |||| 00| 0 eng d
020 _a9780073534961
041 _aeng
080 _24th
_a311
100 _a55
101 _aSTA
245 _aElementary Statistics
_cBluman,A.G
942 _2udc
_cBK
999 _c54505
_d54505